000 01092cam a22002054a 4500
005 20250605164049.0
008 250528s ||||||||||||||||||||||||d
035 _a17221
020 _a390887471
040 _aGR-AtMCL
_bgre
_dGR-AtMCL
_eAACR2
245 1 _aBasic Economics / Third Edition
250 _a3rd
260 _bAppleton Century Crofts,
_c1973
300 _a462
520 _aPreface, Introduction, An Over-All Look at Our Economic System, The Modern Economy, The Free Enterprise Economy, Government in the American Economy, Prices and Their Application, Production, Business, Price, Competition, Monopoly Control, Risk and Security, On Human Effort, Agriculture, Consumption, Money and Income and Economic Growth, Money, Financial Institutions, The National Income, Business Fluctuations and Economic Growth, Public Finance, Monetary and Fiscal Policy, The United States and the World Economy, International Payments, Foreign Trade, Economic Development, Russia and the West, Index.
700 1 _aTrenton Rudolph W
_93387
942 _cBK
999 _c2654
_d2654